00817nam a22002777a 4500003000500000005001700005008004100022010000800063011000900071035000900080040000900089082001200098100002200110245003200132260003000164300001100194490007200205500001100277650002400288650003600312650004100348650003500389700002500424700001800449830007200467CHAP20220817040823.0971013s1983 r 00010 d a876 a1848 a1025 cCHAP a632bL300aLamberti, Franco. aDurable resistance in crops aNew York :bPlenum,c1983 a454 p. aNATO Advanced science institutes series. Series A: Life scienv; 55 a39-10114aGenética vegetal.14aPlantasxCrecimientoxAditivos.14aPlantasxResistencia a enfermedades.14aPlantasxResistencia a plagas.0 aVander Graaff, N. A.0 aWaller, J. M.0 aNATO Advanced science institutes series. Series A: Life scienv; 55